Stochastic theory of a risk business

Salvato in:
Dettagli Bibliografici
Autore principale: Seal, Hilary L.
Natura: Libro
Lingua:inglese
Pubblicazione: New York John Wiley and Sons 1969
Tags: Aggiungi Tag
Nessun Tag, puoi essere il primo ad aggiungerne!!

MARC

LEADER 00000nam a2200000 4500
001 c128691
005 20190205132950.0
041 0 |a eng 
044 |a US 
245 1 0 |a Stochastic theory of a risk business  |c Hilary L. Seal 
264 1 |a New York  |b John Wiley and Sons  |c 1969 
300 |a 210 s. 
100 1 |a Seal, Hilary L.